MARC details
| 000 -LEADER |
| fixed length control field |
01552 a2200361 4500 |
| 001 - CONTROL NUMBER |
| control field |
200130707 |
| 003 - CONTROL NUMBER IDENTIFIER |
| control field |
TR-AnTOB |
| 005 - DATE AND TIME OF LATEST TRANSACTION |
| control field |
20230321144707.0 |
| 008 - FIXED-LENGTH DATA ELEMENTS--GENERAL INFORMATION |
| fixed length control field |
131023s2012 enk 001 0 |
| 020 ## - INTERNATIONAL STANDARD BOOK NUMBER |
| International Standard Book Number |
9780521137799 (pbk.) |
|
| International Standard Book Number |
9780521761574 (hbk.) |
| 040 ## - CATALOGING SOURCE |
| Original cataloging agency |
DLC |
| Modifying agency |
TR-AnTOB |
| Transcribing agency |
TR-AnTOB |
| 041 ## - LANGUAGE CODE |
| Language code of text/sound track or separate title |
İngilizce |
| 050 00 - LIBRARY OF CONGRESS CALL NUMBER |
| Classification number |
K3243 |
| Item number |
.F46 2012 |
| 090 ## - LOCALLY ASSIGNED LC-TYPE CALL NUMBER (OCLC); LOCAL CALL NUMBER (RLIN) |
| Classification number (OCLC) (R) ; Classification number, CALL (RLIN) (NR) |
K3243 .F46 2012 |
| 245 00 - TITLE STATEMENT |
| Title |
Feminist constitutionalism : |
| Remainder of title |
global perspectives / |
| Statement of responsibility, etc. |
edited by Beverley Baines, Daphne Barak-Erez, Tsvi Kahana : foreword by Catharine A. MacKinnon. |
| 264 #1 - PRODUCTION, PUBLICATION, DISTRIBUTION, MANUFACTURE, AND COPYRIGHT NOTICE |
| Place of production, publication, distribution, manufacture |
Cambridge ; |
| -- |
New York : |
| Name of producer, publisher, distributor, manufacturer |
Cambridge University Press, |
| Date of production, publication, distribution, manufacture, or copyright notice |
2012. |
| 300 ## - PHYSICAL DESCRIPTION |
| Extent |
xv, 477 pages: |
| Other physical details |
illustration ; |
| Dimensions |
24 cm. |
| 504 ## - BIBLIOGRAPHY, ETC. NOTE |
| Bibliography, etc. note |
|
| 505 ## - FORMATTED CONTENTS NOTE |
| Formatted contents note |
Introduction: the idea and practice of feminist constituonalism -- feminism as a challange to constitutional theory -- feminism and judging -- feminism, democracy and political participation --the constitutionalism of reproductive rights -- women's rights, multiculturalism and diversity -- woman between secularism and religion. |
| 650 #0 - SUBJECT ADDED ENTRY--TOPICAL TERM |
| 9 (RLIN) |
39581 |
| Topical term or geographic name entry element |
Constitutional law |
|
| Topical term or geographic name entry element |
Kadın hakları |
| Source of heading or term |
etuturkob |
| 9 (RLIN) |
48842 |
|
| Topical term or geographic name entry element |
Anayasa hukuku |
| 9 (RLIN) |
39580 |
|
| Topical term or geographic name entry element |
Women's rights |
| 9 (RLIN) |
48844 |
|
| Topical term or geographic name entry element |
Feminist hukuk |
| 9 (RLIN) |
122002 |
|
| Topical term or geographic name entry element |
Feminist jurisprudence |
| 9 (RLIN) |
93690 |
| 653 ## - INDEX TERM--UNCONTROLLED |
| Uncontrolled term |
LAW / Jurisprudence |
| 700 1# - ADDED ENTRY--PERSONAL NAME |
| Personal name |
Kahana, Tsvi, |
| Dates associated with a name |
1967- |
| 9 (RLIN) |
93684 |
|
| Personal name |
Barak-Erez, Daphne |
| 9 (RLIN) |
93685 |
|
| Personal name |
Baines, Beverley, |
| Dates associated with a name |
1941- |
| 9 (RLIN) |
93686 |
| 942 ## - ADDED ENTRY ELEMENTS (KOHA) |
| Koha item type |
Book |
| Source of classification or shelving scheme |
Library of Congress Classification |